Kondičná príprava je predpokladom úspechu Rozhovor s trénerom FK Vlachovo Pavlom Feckom

Bibliographic Details
Main Authors: Fecko, Pavel (Author), Kováč, Juraj, 1945- (Author)
Corporate Author: FK Vlachovo (Author)
Format: Article
Language:Slovak
PhysicalDescription:2 foto
Subjects:

MARC

LEADER 00000nab a2200000 a 4500
001 vtls001002937
003 SK-MaSNL
005 20260303040902.0
008 040720e19970722xo 0 slo
035 |a RV3537 
040 |a RVGKPD  |b slo  |c RVGKPD  |e AACR2 
041 0 |a slo 
044 |a xo  |c SK 
080 |a 796.332  |2 1981 
100 1 |a Fecko, Pavel  |4 aut  |9 1024698 
245 1 0 |a Kondičná príprava je predpokladom úspechu  |b Rozhovor s trénerom FK Vlachovo Pavlom Feckom 
300 |b 2 foto 
610 2 7 |a Futbalový klub (Vlachovo, Slovensko)  |2 RVGKPD  |9 1024112 
651 7 |a Vlachovo (Slovensko)  |2 RVGKPD  |9 29546 
655 7 |a periodikum  |2 snkbucl  |9 29553 
700 1 0 |a Kováč, Juraj,  |d 1945-  |4 aut  |9 214202 
710 2 |a FK Vlachovo  |4 aut  |9 89470 
773 0 8 |t Zora Gemera  |g Roč. 5, č.29, 22.7.1997, s. 8 
852 |a ZVYKNI  |b KIS3GCP 
999 |c 1684099  |d 1686029